| 000 | 00352nam a2200145Ia 4500 | ||
|---|---|---|---|
| 008 | 230711s9999||||xx |||||||||||||| ||und|| | ||
| 041 | _aENG | ||
| 082 |
_a5 _bRA-P |
||
| 100 | _aRam Kumar | ||
| 245 | 0 | _aProgramming with fortran 77 | |
| 250 | _a1st Ed. | ||
| 260 |
_c1992 _aNew Delhi _bPradeep publishers |
||
| 650 | _aComputer Engineering | ||
| 942 | _cBK | ||
| 999 |
_c2941 _d2941 |
||